[Event "CAN-ch U16"]
[Site "Windsor"]
[Date "2016.07.07"]
[Round "4.16"]
[White "Gauthamkrishna, Anil"]
[Black "Huang, Danny"]
[Result "0-1"]
[WhiteElo "1252"]
[BlackElo "905"]
[PlyCount "76"]
[EventDate "2016.07.05"]
[EventType "swiss"]
[EventRounds "7"]
[EventCountry "CAN"]
[SourceTitle "EXT 2022"]
[Source "ChessBase"]
[SourceDate "2021.10.06"]
[SourceVersion "1"]
[SourceVersionDate "2021.10.06"]
[SourceQuality "1"]

1. e4 e5 2. Nf3 Nc6 3. Nc3 Nf6 4. d3 Be7 5. Be2 h6 6. a3 b6 7. Be3 Bb7 8. h3 d5 9. exd5 Nxd5 10. Nxd5 Qxd5 11. c3 Qd7 12. 0-0 0-0-0 13. Re1 f5 14. Bd2 e4 15. dxe4 fxe4 16. Nd4 Nxd4 17. Bg4 Ne6 18. Be3 Qc6 19. Qb3 Kb8 20. Bxe6 Rhe8 21. c4 Qxe6 22. a4 Bc5 23. Bxc5 bxc5 24. a5 Rd3 25. Qxd3 exd3 26. Rxe6 Rxe6 27. Rd1 Rd6 28. Rd2 Bc6 29. b3 Kb7 30. Kf1 Ka6 31. g4 Kxa5 32. Ra2+ Kb4 33. Ke1 Kxb3 34. Rd2 Kxc4 35. Kd1 Bf3+ 36. Kc1 Kc3 37. Ra2 d2+ 38. Kb1 d1Q# 0-1

[Event "CAN-ch U16"]
[Site "Windsor"]
[Date "2016.07.06"]
[Round "2.15"]
[White "Li, James1111"]
[Black "Gauthamkrishna, Anil"]
[Result "1-0"]
[WhiteElo "1612"]
[BlackElo "1252"]
[PlyCount "45"]
[EventDate "2016.07.05"]
[EventType "swiss"]
[EventRounds "7"]
[EventCountry "CAN"]
[SourceTitle "EXT 2022"]
[Source "ChessBase"]
[SourceDate "2021.10.06"]
[SourceVersion "1"]
[SourceVersionDate "2021.10.06"]
[SourceQuality "1"]

1. e4 e5 2. Nf3 Nc6 3. Bc4 Nf6 4. 0-0 Bc5 5. d4 exd4 6. e5 Ne4 7. Re1 d5 8. exd6 Bf5 9. Nbd2 Qxd6 10. Nxe4 Bxe4 11. Rxe4+ Ne7 12. Bg5 f6 13. Bf4 Qc6 14. Qe2 Bd6 15. Bb5 Qxb5 16. Qxb5+ c6 17. Qxb7 Rd8 18. Bxd6 Kf7 19. Rxe7+ Kg6 20. Rxg7+ Kf5 21. Rg5+ fxg5 22. Qf7+ Ke4 23. Re1# 1-0